| 000 | 00537nam a22001697a 4500 | ||
|---|---|---|---|
| 003 | PILC | ||
| 005 | 20150112093447.0 | ||
| 008 | 131016t xxu||||| |||| 00| 0 eng d | ||
| 020 | _a9812448772 | ||
| 050 |
_aHF 5657 _b.Ar681 2006 |
||
| 100 |
_aArens, Alvin A. _929267 |
||
| 245 |
_aFundamentals of auditing and assurance services / _cAlvin A. Arens ... [et,al.] |
||
| 250 | _a11th ed. | ||
| 260 |
_aJurong, Singapore ; _bPerason Education South Asia Pte Ltd. _xyz2006. |
||
| 300 |
_a799 pages : _billustration ; _c27 cm. |
||
| 942 |
_2lcc _cBK |
||
| 999 |
_c14969 _d14969 |
||